000 00924aam a2200277 a 4500
999 _c323265
_d323265
003 BLK
005 20250212172448.0
008 180918b bul||||| |||| 00| 0 bul d
020 _a978-619-151-398-7
040 _aBLK
041 _aBUL
_cBUL
080 _aСръбска литература
_b821.163.41
_z821.163.41-93-32
100 _aРужич, Светлана Курчубич
_eпърви автор
_91299
139 _aРужич, Светлана Курчубич
_bР 91
245 _aМаша и мечокът
260 _bСофтпрес
_c2017
_aСофия
300 _a64 с.
_bс цв. ил.
_c29 см
380 _aDX
700 _9331546
_aГригориев, Ана
_eил.
_qСръбска художничка
852 _aЦб ІІ 22381
_bЦб
942 _cKNG
_2udc
_n0
_050
999 _d323265
999 _d323265
999 _d323265
944 _k30564
_lАнна Гръцманова